Wypisz wszystkie piosenki z albumu "Hundred Bands" od Zeamsone - Statystyki

Ogólne statystyki
  • Ten quiz został rozwiązany 8 razy
    7 od ostatniego zresetowania
  • Średni wynik to 10 z 18
Statystyki odpowiedzi
Lp. Piosenka % Poprawnych
1 Jebać Grę
100%
2 Paradoksalnie
100%
12 Everest ft. Gedz
80%
6 Nie interesuje
80%
17 Aureola BONUS TRACK
60%
9 Balmain
60%
14 Japanese Hoes ft Deys
60%
3 Od Tej Pory
60%
5 SPORT ft. Young Igi
60%
4 Trudny
60%
18 0CUL4R TIDAL BONUS TRACK
40%
10 10 (morning sun)
40%
15 3M0CJ3
40%
11 Bankroll
40%
7 Brudne Myśli ft. Tymek
40%
16 Ganz ft. Vitali BONUS TRACK
40%
8 VLONE
40%
13 molly percocets
20%
Nie znaleziono quizów pasujących do podanych kryteriów
Rozkład punktacji
Procent ludzi z każdym wynikiem
Percentyl według liczby udzielonych odpowiedzi
Twoja historia wyników
Nie rozwiązałeś tego quizu od ostatniego zresetowania